[Event "Candidates final"]
[Site "Kuala Lumpur"]
[Date "1990.03.23"]
[Round "8"]
[White "Karpov, Anatoly"]
[Black "Timman, Jan H"]
[Result "1-0"]
[WhiteElo "2730"]
[BlackElo "2680"]
[Annotator "Tischbierek,R"]
[PlyCount "75"]
[EventDate "1990.03.??"]
[EventType "match"]
[EventRounds "12"]
[EventCountry "MAS"]
[SourceTitle "Candidates"]
[Source "ChessBase"]
[SourceDate "1999.07.01"]
[SourceVersion "2"]
[SourceVersionDate "1999.07.01"]
[SourceQuality "1"]

1. d4 Nf6 {Douven,Timman} 2. c4 e6 3. Nf3 b6 4. g3 Ba6 5. b3 d5 $5 (5... Bb4+)
6. Bg2 dxc4 7. Ne5 (7. bxc4 $5 Bxc4 8. O-O Bd5 9. Nc3 Bb7 10. Qa4+ Bc6 11. Qb3
Be7 12. e4 {Ivanchuk-Gelfand/Linares/1990/1/2, 29/}) 7... Bb4+ 8. Kf1 (8. Bd2
cxb3) 8... Nfd7 9. Nxc4 (9. Bxa8 Nxe5 10. bxc4 O-O 11. Ba3 c5 {?!} (11... Bc5
$13 {Douven}) 12. Bxb4 cxb4 13. a3 Nbc6 14. Bxc6 Nxc6 15. axb4 Bxc4 16. Na3 $1
Bd5 17. f3 Nxb4 18. Qd2 a5 19. Kf2 $16 {van der Sterren-Langeweg/Niederlande/
1989/}) 9... c6 10. Bb2 O-O 11. Nbd2 b5 12. Ne3 Bb7 13. Qc2 Qb6 14. Nf3 Nf6 (
14... Be7 15. h4 h6 16. Ng4 c5 17. Ng5 hxg5 18. hxg5 f5 19. gxf6 Nxf6 20. Nh6+
$18 {Gelfand}) 15. Ne5 Be7 16. N3g4 Nxg4 17. Nxg4 Nd7 18. Bf3 Rac8 19. Rd1 a5 (
19... c5 $15 20. d5 exd5 21. Bxd5 Bxd5 22. Rxd5 Qe6 23. Qf5 Qxf5 24. Rxf5 Nb6)
(19... f5) 20. Qe4 Rc7 21. Kg2 a4 {? Douven} (21... c5 22. dxc5 (22. d5 Bxd5
23. Rxd5 f5 24. Qe3 fxg4 25. Bxg4 exd5 26. Qxe7 d4 27. Be6+ Kh8 28. Bxd7 Qb8 {
>< Bd7}) 22... Nxc5 (22... Bxc5 $6 23. Qf4 {/\ 24.Nh6}) 23. Qe3 $10 {Douven}) (
21... Ra8 {Timman}) 22. bxa4 Ra8 23. axb5 cxb5 24. Qb1 Bxf3+ 25. exf3 h5 $6 (
25... Qb7 {>=}) (25... Nf6 26. Nxf6+ Bxf6 27. d5 Bxb2 28. Qxb2 exd5 $15 {Douven
}) 26. Ne3 h4 $2 27. d5 Bc5 28. Rhe1 $18 e5 29. Ng4 Rca7 (29... f6 30. Qg6 {
Ligterink}) 30. Nxe5 Nxe5 31. Rxe5 Rxa2 32. d6 $1 h3+ 33. Kxh3 Bxd6 34. Rh5
Qxf2 35. Qh7+ Kf8 36. Qxg7+ Ke8 37. Rh8+ Kd7 38. Qxf7+ 1-0

[Event "Skei"]
[Site "Skei"]
[Date "1993.??.??"]
[Round "6"]
[White "Baburin, Alexander"]
[Black "Skembris, Spyridon"]
[Result "1-0"]
[WhiteElo "2550"]
[BlackElo "2560"]
[Annotator "Tisdall,J"]
[PlyCount "89"]
[EventDate "1993.??.??"]
[EventType "tourn"]
[EventRounds "9"]
[EventCountry "NOR"]
[EventCategory "10"]
[SourceTitle "CBM 036"]
[Source "ChessBase"]
[SourceDate "1993.10.01"]
[SourceVersion "1"]
[SourceVersionDate "1993.10.01"]
[SourceQuality "1"]

1. d4 e6 2. c4 Bb4+ 3. Bd2 a5 4. Nf3 Nf6 5. g3 b6 6. Bg2 Ba6 7. Qc2 c5 8. O-O
Ra7 $5 (8... O-O 9. Rd1 Ra7 10. Bf4 cxd4 11. Nxd4 Qc8 12. Na3 $1 $36 {Skembris,
S-Kohlweyer,B Gausdal Troll Masters 1/93.}) 9. e4 $5 cxd4 10. e5 Ng4 11. h3 Nh6
12. Bxh6 gxh6 13. Nbd2 O-O 14. a3 Bxd2 $6 (14... Be7 $13) 15. Qxd2 Nc6 16. Qxh6
f6 17. Rfe1 Bxc4 (17... d6 $5) 18. Re4 d5 19. exd6 f5 $6 (19... Qxd6 20. Nxd4
Ne5 (20... Nxd4 21. Rg4+ $1 Kh8 22. Rxd4 $1) 21. Nc6 $1 Qxc6 $1 22. Rxe5 Qe8
23. Re4 $16) 20. Nxd4 $1 Nxd4 21. Rxd4 b5 22. Rad1 $18 e5 23. Bd5+ Kh8 24. R4d2
Rd7 25. Bxc4 bxc4 26. Qe6 e4 27. Qxc4 Qg5 28. Kh2 e3 29. Qd4+ Rg7 30. Qxe3 f4
31. Qc3 h5 32. d7 fxg3+ 33. fxg3 Rd8 34. Rd5 Qg6 35. h4 Qg4 36. Qxg7+ Kxg7 37.
Rg5+ Qxg5 38. hxg5 Kg6 39. b4 axb4 40. axb4 Kxg5 41. b5 Kf6 42. Kh3 Ke7 43. Kh4
Kf6 44. b6 Ke7 45. b7 1-0

[Event "Arnold Cup"]
[Site "Gausdal"]
[Date "1993.??.??"]
[Round "3"]
[White "Skembris, Spyridon"]
[Black "Stefansson, Hannes"]
[Result "1-0"]
[WhiteElo "2565"]
[BlackElo "2495"]
[Annotator "Tisdall,J"]
[PlyCount "45"]
[EventDate "1993.04.??"]
[EventType "swiss"]
[EventRounds "9"]
[EventCountry "NOR"]
[SourceTitle "CBM 038"]
[Source "ChessBase"]
[SourceDate "1994.02.01"]
[SourceVersion "1"]
[SourceVersionDate "1994.02.01"]
[SourceQuality "1"]

1. d4 Nf6 2. c4 e6 3. Nf3 b6 4. g3 Ba6 5. Qa4 Bb7 6. Bg2 c5 7. dxc5 bxc5 {
7...Lxc5 is safer, aiming for a hedgehog position after 0-0,a6,Le7,d6,Sbd7.} 8.
O-O Be7 9. Nc3 O-O 10. Rd1 Qb6 11. Bf4 Na6 {Perhaps black should insert ...Lc6
to drive back the white queen.} (11... Qxb2 $2 12. Rab1 Qxc3 13. Rxb7 Nc6 $2
14. Bd2 {traps the black queen.}) 12. Rd2 Rfd8 13. Ne5 $1 {The exchange of
bishops gives black worries new worries on the squares a6, d7 and perhaps
later, c6.} Bxg2 14. Kxg2 Rac8 15. Rad1 d6 16. Nf3 h6 17. Qb5 $1 {Simply to
remove a defender of d6.} Rc6 $2 {This meets with a crisp tactical refutation.
Black should probably try} (17... Ne8 18. e4 {with a very pleasant advantage
for white.} (18. Qxb6 axb6 19. Nb5 e5 {and black can fight.})) 18. Na4 Qc7 19.
Ne5 $1 Nb4 (19... dxe5 20. Rxd8+ Bxd8 21. Bxe5 $1 Qc8 22. Rxd8+ Qxd8 23. Qxc6 {
with an easy win.}) 20. Nxc6 Nxc6 21. Nxc5 $1 g5 22. Bxd6 $1 Bxd6 23. Na6 {
Black cannot defend c6 and d6. An impressively easy win by the Greek GM.} 1-0

[Event "ISR-ch sf"]
[Site "Ramat Aviv"]
[Date "2000.08.??"]
[Round "?"]
[White "Postny, Evgeny"]
[Black "Tsesarsky, Ilya"]
[Result "1-0"]
[WhiteElo "2434"]
[BlackElo "2489"]
[Annotator "Tsesarsky,I"]
[PlyCount "71"]
[EventDate "2000.08.16"]
[EventType "swiss"]
[EventRounds "9"]
[EventCountry "ISR"]
[SourceTitle "CBM 078"]
[Source "ChessBase"]
[SourceDate "2000.10.18"]
[SourceVersion "1"]
[SourceVersionDate "2000.10.18"]
[SourceQuality "1"]

1. d4 Nf6 2. c4 e6 3. Nf3 b6 4. g3 Ba6 5. Qa4 c5 6. Bg2 Bb7 7. O-O Bc6 $5 (7...
cxd4 {-Theory}) 8. Qd1 (8. Qb3 cxd4 (8... d6 9. Rd1 cxd4 10. Nxd4 Bxg2 11. Kxg2
a6 12. Bg5 Nbd7 13. Qa4 Be7 14. Nc3 Qc7 $11 {1/2-1/2 Garcia Palermo,C-Rajkovic,
D/Madrid-B ,EXT 1994/ (18)}) 9. Nxd4 Bxg2 10. Kxg2 Bc5 11. Rd1 Qc8 $132) 8...
cxd4 9. Qxd4 $1 (9. Nxd4 Bxg2 10. Kxg2 Qc8 $11) 9... Bc5 ({Here} 9... d5 $2 {
is bad} 10. Ne5 Bc5 11. Qh4 Bb7 12. Bg5 $16) 10. Qd3 Be4 $1 ({Here also} 10...
d5 {is bad:} 11. Ne5 Bb7 12. Nc3 Bd6 13. Qe3 Bc5 14. Qf4 Qe7 15. cxd5 exd5 16.
Rd1 $16) 11. Qd1 (11. Qb3 d5 (11... Nc6 $5 $132) 12. Nc3 dxc4 13. Qb5+ Bc6 14.
Qxc4 O-O $11) 11... O-O ({Now was interesting} 11... d5 $5 12. Nc3 O-O 13. Bg5
(13. cxd5 exd5 14. Nxe4 dxe4 15. Qxd8 Rxd8 16. Ng5 Re8 17. Rd1 Nc6 $11) 13...
Be7 (13... h6 14. Bxf6 Qxf6 15. cxd5 exd5 16. Nxd5 Bxd5 17. Qxd5 $16) 14. cxd5
Bxd5 15. Nxd5 Nxd5 16. e4 Nb4 (16... Bxg5 17. exd5 exd5 18. Nxg5 Qxg5 19. Qxd5
$18) 17. Qxd8 Bxd8 18. Rfd1 Bxg5 19. Nxg5 N8c6 $14) 12. Nc3 Bb7 13. Bf4 d6 $2
$16 ({It was atime for} 13... d5 $1 14. Ne5 (14. cxd5 Nxd5 15. Nxd5 Qxd5 $11)
14... Ne4 $1 (14... Nc6 15. cxd5 Nxe5 16. Bxe5 Nxd5 17. Nxd5 exd5 18. b4 $1 $16
(18. Bd4 Re8 19. e3 $14)) 15. cxd5 (15. Nxe4 dxe4 {[%csl Re5]} 16. Qc2 f6 17.
Ng4 f5 18. Rfd1 Qe7 19. Ne5 g5 20. Bc1 Rd8 $15 {[%csl Re5]} (20... Nc6 $2 21.
Rd7)) 15... Nxc3 16. bxc3 Bxd5 17. e4 Bb7 $11) 14. Nb5 $1 {Force Blacke to
weaken d5 square.} (14. a3 d5 $1 15. b4 Be7 16. Ne5 Qc8 17. Rc1 dxc4 18. Bxb7
Qxb7 19. Nxc4 Rd8 $11) 14... e5 {[%csl Rd5]} (14... Ne4 15. Ng5 $16) 15. Bg5 a6
(15... Nc6 16. Nd2 $16 {[%csl Rf6][%cal Gd2e4]}) 16. Nc3 b5 {I decided to
sacrifice P and evaluated this position as +/=} (16... Ra7 $5 17. a3 (17. Nd2
Bxg2 18. Kxg2 Nbd7 19. Nde4 Qa8 20. f3 Nxe4 21. Nxe4 f6 22. Bc1 Qc6 23. Qd3 b5
$132) 17... h6 18. Bxf6 Qxf6 19. e3 (19. b4 e4 $15) (19. Nd5 Bxd5 20. Qxd5 e4
21. Qxe4 Qxb2 $11) 19... Nd7 20. Rc1 $1 (20. b4 e4 21. Nd4 Bxd4 22. exd4 Rc8
23. Rc1 $14) 20... a5 (20... b5 21. b4 Bb6 22. cxb5 a5 23. bxa5 Bxa5 (23...
Rxa5 24. Nxe5 $16) 24. Nd2 $16) 21. Nb5 Raa8 22. Nxe5 $1 $16) 17. Bxf6 Qxf6 18.
cxb5 axb5 19. Nxb5 {Here I thougth long time and understood that my position
is bad.} Ra5 $2 {But why immediately was necessary to put mistake?} (19... Rc8
20. Nc3 e4 21. Nd2 d5 22. Nb3 $16) (19... e4 20. Nfd4 $16) (19... Nc6 20. Nc7
Ra5 21. Nd5 Qd8 22. a3 $16) (19... d5 $1 20. Nc7 Ra5 21. a3 e4 22. b4 exf3 23.
Bxf3 Bd6 (23... Rc8 24. Nxd5 Bxd5 25. Bxd5 $16) 24. bxa5 Bxc7 25. Bxd5 Ba6 (
25... Rd8 26. Bxb7 Rxd1 27. Rfxd1 Qb2 (27... Bxa5 28. Rac1 $18) 28. a6 $18) 26.
Qd2 $16) 20. Nc3 Nd7 (20... d5 21. Nd2 Bd4 22. Nb3 Bxc3 23. bxc3 $18) 21. a3 {
[%cal Gb2b4]} (21. Nxe5 Nxe5 22. Bxb7 Rb8 23. Be4 Rxb2 24. Rb1 Rxb1 25. Qxb1 g6
$16) 21... Rfa8 $2 $18 (21... Ra7 22. Nd2 Bxg2 23. Kxg2 Qh6 24. Nde4 $16) 22.
Nxe5 $1 Nxe5 (22... Qxe5 23. Bxb7 $18) 23. Bxb7 Rb8 (23... R8a7 24. Bg2 Ng4 25.
e3 $18) 24. b4 Ng4 25. Ne4 Qh6 26. h4 Ne3 (26... Ra7 27. bxc5 Raxb7 28. Qxd6
$18) 27. Qd3 (27. fxe3 Qxe3+ 28. Kh2 $18) 27... Nxf1 28. bxa5 Nxg3 29. Nxc5 Nh5
30. a6 Nf4 31. a7 Rf8 32. Qe3 Qf6 33. Re1 d5 34. Qf3 Qxh4 35. a8=Q Rxa8 36.
Bxa8 1-0

[Event "Corus"]
[Site "Wijk aan Zee"]
[Date "2005.01.29"]
[Round "12"]
[White "Anand, Viswanathan"]
[Black "Adams, Michael"]
[Result "1-0"]
[WhiteElo "2786"]
[BlackElo "2741"]
[Annotator "Tyomkin,D"]
[PlyCount "84"]
[EventDate "2005.01.15"]
[EventType "tourn"]
[EventRounds "13"]
[EventCountry "NED"]
[EventCategory "19"]
[SourceTitle "CBM 105"]
[Source "ChessBase"]
[SourceDate "2005.04.11"]
[SourceVersion "1"]
[SourceVersionDate "2005.04.11"]
[SourceQuality "1"]

1. d4 {In both white games of Anand vs Adams in 2005, Vishy openned with 1.d4
and not with 1.e4 which is his main weapon- Mickey has a very solid opening
repertoire with black against 1.e4, Ruy Lopez or Petroff, so probably that's
the reason why Vishy chose 1.d4 in both...} Nf6 2. c4 e6 3. Nf3 b6 4. g3 Ba6 5.
b3 Bb4+ 6. Bd2 Be7 7. Bg2 c6 8. Bc3 d5 9. Ne5 Nfd7 10. Nxd7 Nxd7 11. Nd2 O-O
12. O-O Nf6 ({In Linares 2005 Vishy went again to the same line, but Adams was
well prepared for it and tried something new:} 12... Rc8 13. e4 b5 14. Re1 dxe4
15. Bxe4 bxc4 16. Nxc4 Nb6 17. Nxb6 axb6 18. Qc2 h6 19. a4 Qc7 20. Red1 Rfd8
21. Rac1 Qa7 22. Bb2 b5 23. Ra1 bxa4 24. bxa4 $2 (24. Rxa4 $142 $11) 24... Bf6
25. Qd2 c5 $17 {0-1 Anand,V-Adams,M/Linares ESP 2005 (52)}) 13. e4 b5 14. exd5
{Gershon in CBM 102: A new breeze in a well known position. Leko, however,
proves this to be not dangerous.} (14. Re1 {Gershon} dxe4 15. Qc2 {has been
tested many times before, but black does not experience any problems here.})
14... cxd5 {Quite a new approach in this position. But seems like in 14...exd5
black equalizes different ways.} (14... exd5 15. Re1 {Gershon: White's idea is
that he deprived black of the simplifying idea: dxe4, and wants to exploit his
spatial advantage.} Rb8 (15... dxc4 16. bxc4 Qc7 17. c5 (17. Qf3 $5) 17... Rfe8
18. Qb3 Bf8 19. Qa3 Rxe1+ 20. Rxe1 Bc8 21. Ba5 Qb7 22. Bd8 Nd5 23. Bxd5 cxd5
24. Qa5 Be6 $11 25. Bc7 Be7 26. Rb1 Bd7 27. Nb3 h6 28. Re1 Bf6 29. a3 {1/2-1/2
Bologan,V-Macieja,B/Izmir 2004/CBM 104 no vc}) 16. c5 Bc8 $1 {Gershon: The
bishop has nothing more to do on 'a6', and is transferred to the K's side.} (
16... b4 {is pseudo active, enabling white to open lines on the Q side in the
future (Gershon)} 17. Bb2 {[%cal Ga2a3]}) 17. Nf3 (17. h3 Qc7 18. b4 Re8 19. a4
a6 20. axb5 axb5 21. Bb2 h6 22. Qf3 Be6 23. Kh2 Ra8 $11 {0-1 Karpov,
A-Sadvakasov,D/Astana KAZ 2004/The Week in Chess 524 (68)}) 17... Ne4 18. Ne5 {
Gershon: the only way to fight for initiative.} (18. Bb2 f6 $11) 18... Nxc3 19.
Qd3 Qc7 (19... Ne4 20. Nxc6 Qc7 21. Nxb8 Qxb8 22. Bxe4 dxe4 23. Qxe4 {[%csl
Gc5,Gd4] White pawns, supported by the rooks would be very difficult to cope
with here.}) 20. Qxc3 Re8 {Whtie has some visual advantage, due to a bit more
space, however, Black easily throws back White pieces, and equalizes.} 21. a4 (
{In their later game of the tournament (Blitz, in the tiebreaks), Kramnik
played:} 21. b4 {followed by a draw offer, which was accepted.}) 21... b4 {
not allowing the opening of an 'a' file.} 22. Qf3 Bf8 23. Re3 f6 {before White
builds up pressure along the 'e' file, it's time to swap some pieces.} 24. Nd3
Rxe3 25. fxe3 a5 $1 {1/2-1/2 Kramnik,V-Leko,P/Dortmund 2004/CBM 102/[Gershon] 
(29) The last finesse, not allowing white to fixate a weakness on b4}) 15. c5 {
seems like that's the only way for white to fight for some opening advantage.}
(15. Re1 bxc4 16. bxc4 Bxc4 17. Nxc4 Qc8 (17... Qc7 $142 $1 18. Ne3 (18. Qa4
Rfc8 $17) 18... Qxc3 19. Nxd5 Nxd5 20. Bxd5 Rad8 {and black wins d4.}) 18. Qa4
Rb8 19. Qxa7 Qxc4 20. Rec1 $11 {1/2-1/2 Ibraev,N-Pedersen,N/Bled 2002/EXT 2003
(38)}) 15... b4 16. Bxb4 Bxf1 17. Bxf1 {17.Nxf1 would stop e6-e5 of black, on
the other hand 17.Bxf1 supports white's plan on a queenside.... Vishy had a
difficult choice.} (17. Nxf1 e5 $140 $2 18. dxe5 $16 {[%csl Rd5][%cal Yg2d5]})
17... e5 {Fearless Mickey! Black is just worse if plays passively.} (17... Qc7
18. Bc3 Nd7 (18... a5 19. a3 {[%cal Gb3b4]}) 19. b4 Bf6 20. Rc1 {[%cal Ga2a4,
Gb4b5] and I don't want to be black here :-)}) (17... Ne4 18. Nxe4 dxe4 19. Bc3
e5 20. b4 {and white pawn mass on a queenside looks scary for black.}) 18. Bc3
(18. dxe5 $6 Nd7 {[%csl Yc5,Ye5]}) 18... a5 {This move doesn't stop white
queenside pawns and seems like it only helps white to get connected passers
faster.  I don't like this move, but I don't see any good one....Probably
black's position is just bad here.} (18... Ne4 19. Nxe4 dxe4 20. b4 exd4 21.
Qxd4 Qxd4 22. Bxd4 Rfd8 23. Be3 $16) 19. a3 Ne4 20. Nxe4 dxe4 21. b4 axb4 (
21... exd4 22. Qxd4 Qxd4 23. Bxd4 Rfd8 24. Bc3 $16) 22. axb4 Rxa1 23. Qxa1 Qd5
$1 {Creative move by Adams. Black sacrifices a pawn but activates his pieces.}
(23... exd4 24. Bxd4 Bf6 25. Bxf6 gxf6 {in the ending after QxP QxQ white
passers decide the game.} 26. b5 Re8 27. c6 {and black fails to achieve any
counterplay.}) 24. dxe5 Ra8 (24... e3 25. fxe3 Ra8 26. Qb1 $18 {[%cal Gc3d4]})
25. Qc1 {White queen goes to e3!} Ra2 26. Qe3 Rc2 27. Qd4 $1 {transforming the
game to a winning endgame.} Qxd4 {Unfortunately for black the swap of queens
is necessary.} (27... Qb3 28. Bd2 $18 {[%cal Gd2e3]}) 28. Bxd4 Kf8 29. h4 Ke8 {
The pawn moves on a kingside recommended by other commentators don't really
help black- white transfers the king to a queenside and then advances his
passers.} (29... h5 30. Ba6 {[%cal Gg1f1,Gf1e1]} g6 31. Kf1 Ke8 32. Ke1 Kd7 33.
Kd1 Ra2 34. Bc4 Ra3 35. Kc2 $18 {[%cal Gb4b5]}) 30. e6 $1 {Otherwise black
king goes to the centre.} (30. Ba6 Kd7 {[%cal Gd7e6,Ge6d5]}) 30... fxe6 $2 {
Decisive mistake by Mickey. He would have good practical chances for a draw if
played 30...f6;} (30... f6 $142 31. Ba6 (31. Be3 f5) (31. g4 {[%cal Gg1g2,
Gg2g3]} Bd8 {[%cal Ge8e7]} 32. Ba6 Ke7 33. b5 Kxe6 34. Bb7 Be7 35. c6 Bd8 36.
b6 Kd6 37. c7 Bxc7 38. bxc7 Rxc7 {and black has good chances to save this
ending.}) 31... Kd8 32. Kf1 {and it seems like the plan mentioned above is
effective here too.} Kc7 33. Ke1 $18) (30... Bf6 $143 31. exf7+ Kxf7 32. Be3
Ke6 33. Ba6 Bc3 34. b5 Bd2 35. Bxd2 Rxd2 36. Bb7 Rc2 37. Bxe4 (37. c6 Kd6 38.
b6 Rxc6 39. Bxc6 Kxc6 $11) 37... Rxc5 38. b6 Rb5 39. b7 $18) 31. Bxg7 $18 {
Now white can also create a passed pawn on the kingside.} Rc1 32. Bd4 Kd7 33.
Be3 Rc3 34. Bd4 Rc1 35. Kg2 Kc6 36. Be3 Rc2 37. Ba6 Kc7 (37... Rb2 38. b5+ Rxb5
39. Bxb5+ Kxb5 40. g4 Bxc5 41. Bxc5 Kxc5 42. Kg3 {and white wins here easily.})
38. Kh3 Rc3 (38... h5 39. g4 $18 {[%cal Gh4h8]}) 39. Bd4 Rb3 40. b5 Rd3 41. b6+
Kc6 {[%tqu "En","White to move and win. Play like Vishy Anand!","","","a6b5",
"",10]} 42. Bb5+ $1 {A final blow! A new queen of white will appear on the
board shortly!} Kd5 (42... Kxb5 43. b7) 1-0